[Event "ESP-ch U14"]
[Site "Salobrena"]
[Date "2023.07.17"]
[Round "2"]
[White "Roldan Garcia, Leyre"]
[Black "Corchon Granero, Mateo"]
[Result "0-1"]
[WhiteElo "1417"]
[BlackElo "1752"]
[PlyCount "48"]
[EventDate "2023.07.17"]
[EventType "swiss"]
[EventRounds "9"]
[EventCountry "ESP"]
[SourceTitle "EXT 2024"]
[Source "ChessBase"]
[SourceDate "2023.10.10"]
[SourceVersion "1"]
[SourceVersionDate "2023.10.10"]
[SourceQuality "1"]

1. e4 e5 2. Nf3 Nc6 3. Bc4 Bc5 4. c3 Nf6 5. d4 exd4 6. 0-0 Nxe4 7. cxd4 d5 8. dxc5 dxc4 9. Qe2 Qd3 10. Re1 f5 11. Nc3 0-0 12. Nxe4 fxe4 13. Qxe4 Bf5 14. Qh4 Rae8 15. Bf4 Nd4 16. Ne5 Ne2+ 17. Kh1 Qe4 18. Rxe2 Qxe2 19. Rg1 Rxe5 20. Bxe5 Qxe5 21. Qxc4+ Be6 22. Qb4 Bd5 23. f3 Qe3 24. h3 Rxf3 0-1

[Event "Alzira op 12th"]
[Site "Alzira"]
[Date "2022.12.29"]
[Round "5"]
[White "Roldan Garcia, Leyre"]
[Black "Bueno Cal, Adrian"]
[Result "1-0"]
[WhiteElo "1335"]
[BlackElo "1569"]
[PlyCount "67"]
[EventDate "2022.12.27"]
[EventType "swiss"]
[EventRounds "8"]
[EventCountry "ESP"]
[SourceTitle "CBM 212 Extra"]
[Source "ChessBase"]
[SourceDate "2023.03.31"]
[SourceVersion "1"]
[SourceVersionDate "2023.03.31"]
[SourceQuality "1"]

1. e4 e5 2. Nf3 Nc6 3. Bc4 Bc5 4. c3 d6 5. h3 Qe7 6. d3 h6 7. Qe2 a6 8. Be3 Bxe3 9. Qxe3 Na5 10. Nbd2 f5 11. exf5 Bxf5 12. Bd5 Nf6 13. Be4 Nxe4 14. Nxe4 Nc6 15. 0-0 g5 16. Ng3 Bg6 17. d4 0-0-0 18. d5 Na5 19. b4 Nc4 20. Qa7 Nb6 21. Rac1 Qf7 22. Rfd1 Nxd5 23. Qa8+ Kd7 24. Qxb7 Nb6 25. Nxe5+ Ke6 26. Nxf7 Bxf7 27. Qxc7 Nc8 28. Re1+ Kf6 29. Qa5 d5 30. Qxa6+ Rd6 31. Qe2 Re8 32. Qf3+ Kg6 33. Rxe8 Rf6 34. Qd3+ 1-0